| 000 | 00599nam a2200217 4500 | ||
|---|---|---|---|
| 999 |
_c8562 _d8562 |
||
| 001 | 22603 | ||
| 003 | BD-DhUAP | ||
| 005 | 20250310125021.0 | ||
| 008 | 250310b2022 ii a|||| |||| 001 0aeng d | ||
| 020 | _a9789392234712 | ||
| 040 |
_aBD-DhUAP _bEng _cBD-DhUAP _dBD-DhUAP |
||
| 082 |
_223 _a341.48 MYN |
||
| 100 | _aMyneni,Dr.S.R. | ||
| 245 |
_aGender Justice & Feminist Jurisprudence/ _c Dr.S.R.Myneni |
||
| 260 |
_aNew Delhi; _bNew Era Law , _c2022. |
||
| 300 |
_axi,496 p; _c 24 cm |
||
| 504 | _a Include Bibliography.. | ||
| 650 | _aGender justice. | ||
| 650 | _aJurisprudence. | ||
| 942 |
_2ddc _cBK |
||